| 000 | 00673nam a2200229Ia 4500 | ||
|---|---|---|---|
| 003 | OSt | ||
| 005 | 20221002051300.0 | ||
| 006 | a|||||r|||| 00| 0 | ||
| 007 | ta | ||
| 008 | 220930b |||||||| |||| 00| 0 eng d | ||
| 024 | _a26520 | ||
| 037 | _cReference Collections | ||
| 040 |
_aCRL _cCRL _beng |
||
| 041 |
_2eng _aeng |
||
| 082 | _aa12, K3 ( RR) | ||
| 100 | _aRaghavan V | ||
| 245 | 0 |
_aManuscripts, catalogues, editions _b Steps taken for the collection, preservation and utilisation of manuscripts |
|
| 260 | _c1963 | ||
| 650 | _aTHEORY OF KNOWLEDGE | ||
| 942 |
_ha12, K3 ( RR) _cref _2CC |
||
| 999 |
_c916397 _d916397 |
||